000 00520nam a22002177a 4500
003 UA-OsUOA
001 83220
007 ta
008 20120404b un ||||| |||| 00| 0 ukr d
090 _a821.111
942 _cBK
040 _aUA-OsUOA
_beng
_cUA-OsUOA
_dUA-OsUOA
245 _aWriting Qvebec
_cAquin H.
300 _a120 с.
955 _a3
041 _aeng
080 _a821.111
260 _aAlberta
_c1988
650 7 _a82 Література. Літературознавство
_2UDC
999 _c369531
_d369531